Snapchat users by country - Statistics

General Stats
  • This quiz has been taken 163 times
  • The average score is 6 of 10
Answer Stats
Number of users Country % Correct
108,000,000 USA
99%
21,100,000 UK
87%
24,500,000 France
74%
15,350,000 Germany
70%
74,350,000 India
68%
17,950,000 Mexico
65%
11,950,000 Brazil
64%
12,750,000 Philippines
27%
19,600,000 Saudi Arabia
24%
11,250,000 Iraq
22%
No matching quizzes found
Score Distribution
Percent of People with Each Score
Percentile by Number Answered
Your Score History
You have not taken this quiz